000 00663nam a2200229Ia 4500
003 GCL
005 20240530101852.0
008 140319s9999 xx 000 0 ara d
040 _aGCL /
_cGCL
082 0 4 _a323.3
_bع ص
100 1 _aعبدالعظيم رمضان
245 1 0 _a0000000000000
_cعبدالعظيم رمضان
260 _a[S.N] :
_bدار الكتب المصرية ،
_c1975
300 _a126 ص
650 0 4 _aمصر
650 0 4 _aالسياسة
650 0 4 _aثورة 23 يوليو 1952
650 0 4 _aالطبقات الاجتماعية
650 0 4 _aالبورجوازية
650 0 4 _aالبروليتاريا
942 _2ddc
_cBK
999 _c28318
_d28318